00740nam a2200217 a 450000100100000000500170001000800410002702000150006804000250008308200160010810000260012424500820015026000590023230000130029149000190030470000270032383000260035004900090037695201200038599900170050500002499820200930023510.0110208s1980 sp a r 000 0 fre d a8472023834 aDO-SdBNPbspacBNPHU axxxxxbO12m1 aObiols, Miguel95130113aEl misterio de Buster Keaton /cMiguel Obiols ; ilustración Marta Balaguer. aBarcelona, España :bL´Abadia de Montserrat,c1980. a86 p. :.1 aLa xarxa ;v291 aBalaguer, Marta951302 0aLa xarxa ;n29951303 aBNGR 001054708MOaGRbGRcCTd2011-02-08iLF1l0oxxxxx O12mp24998-10r2020-06-25w2020-06-25y4ZPréstamo en sala c24491d24491